000 00637nam a2200217Ia 4500
005 20260601193259.0
008 260601s9999||||xx |||||||||||||| ||und||
020 _a978-3-031-64155-8
_qebk
100 _aXiaoming Tao
245 0 _aWireless Multimedia Computational Communications
250 _a2024
260 _aHeidelberg, Germany
_bSpringer Nature
_c2024
440 _aWireless Networks
650 _aComputer Science
700 _aDanlan Huang
700 _aLiting Wang
700 _aYiping Duan
700 _aZhijin Qin
856 _uhttps://link.springer.com/openurl?genre=book&isbn=978-3-031-64155-8
942 _cEB
_2ddc
999 _c56967
_d56967